000 00395nam a22001577a 4500
005 20160625155400.0
008 160625b xxu||||| |||| 00| 0 eng d
041 _aeng
082 _b10304
100 _aSelvaraju, R
_92811
245 _aCo-Operatives in the New Millennium
260 _aNew Delhi
_bVikas Publishing House (P) Ltd.
300 _a245
650 _aManagement
_9241
942 _cBK
999 _c4068
_d4067